000 00491nam a22001697a 4500
005 20251108172104.0
008 250721s1989 xx 000 0 ara d
082 1 4 _a551.4/محم
100 1 _aمتولي، محمد
245 1 0 _aوجه الأرض /
264 1 _aالقاهرة :
_bمكتبة الأنجلو المصرية،
_c1989.
300 _a525ص
490 0 _aالمكتبة الجغرافية الحديثة ؛ 1
650 1 7 _aالأرض
942 _2ddc
_cBK
999 _c70179
_d70179